|
|
|
|
| LEADER |
01233nam a2200253 a 4500 |
| 001 |
GR-Patra8770 |
| 003 |
GR-PaULI |
| 005 |
20250318125323.0 |
| 008 |
991022s1977 gr 000 0 gre|c |
| 952 |
|
|
|0 0
|1 0
|2 ddc
|4 0
|6 940_531000000000000_809_2_KOE
|7 0
|9 354369
|a LISP
|b LISP
|c DON
|d 2022-01-14
|e ΠΑΤ
|i 146829
|l 0
|o 940.531 809 2 KOE
|p 025000273267
|r 2022-01-14 00:00:00
|t 1
|w 2022-01-14
|y BKN
|
| 999 |
|
|
|c 207763
|d 207763
|
| 040 |
|
|
|a GR-PaULI
|b gre
|c GR-PaULI
|e AACR2
|
| 082 |
0 |
4 |
|2 23
|a 940.531 809 2
|
| 100 |
1 |
|
|a Koestler, Arthur,
|d 1905-1983.
|e συγγραφέας.
|
| 245 |
1 |
2 |
|a Ο βούρκος της γης /
|c Άρθουρ Κάϊσλερ ; [μετάφραση Μπάμπη Λυκούδη].
|
| 260 |
|
|
|a Αθήνα :
|b Χατζηνικολή,
|c 1977.
|
| 300 |
|
|
|a 207 σ. ;
|c 25 εκ.
|
| 500 |
|
|
|a Τίτλος πρωτοτύπου: Scum of the earth.
|
| 600 |
1 |
4 |
|9 19628
|a Koestler, Arthur,
|d 1905-1983.
|
| 650 |
|
4 |
|a Παγκόσμιος πόλεμος, 1939-1945
|9 189350
|x Φυλακισμένοι και φυλακές, Γαλλικές.
|
| 700 |
1 |
|
|a Λυκούδης, Μπάμπης
|e μεταφραστής.
|9 1970
|
| 765 |
|
|
|i Μετάφραση του:
|t Scum of the earth.
|
| 942 |
|
|
|2 ddc
|c BKN
|
| 998 |
|
|
|c ΜΠΟΥΡΑΣ
|d 2022-01
|